000 00713nam a2200229Ia 4500
001 9445
003 GE_BSU
008 181216s||||||||xx |||||||||||||| ||und||
040 _cGE_BSU
080 _a821.353.1-1
100 _aმოსაშვილი,ილ.
245 _aლირიკა
245 _bლექსები
245 _cრედ.რ.მარგიანი,მხატვ.ვ.მდინარაძე
260 _aთბილისი
260 _bლიტერატურა და ხელოვნება
260 _c1965
300 _a196გვ.1ფ.პორტრ.18სმ.
653 _aლექსები
653 _aლირიკა
942 _cBK
999 _c42739
_d42739